[Event "GRE-chT 43rd"]
[Site "Porto Rio"]
[Date "2015.10.10"]
[Round "5.14"]
[White "Bania, Aggeliki"]
[Black "Manassi, Eleni"]
[Result "0-1"]
[WhiteElo "1332"]
[BlackElo "1110"]
[PlyCount "78"]
[EventDate "2015.10.08"]
[EventType "team-swiss"]
[EventRounds "7"]
[EventCountry "GRE"]
[SourceTitle "CBM 168 Extra"]
[Source "ChessBase"]
[SourceDate "2015.10.29"]
[SourceVersion "1"]
[SourceVersionDate "2015.10.29"]
[SourceQuality "1"]
[WhiteTeam "Patron Sailing"]
[BlackTeam "Kalamarias Han"]
[WhiteTeamCountry "GRE"]
[BlackTeamCountry "GRE"]

1. d4 Nf6 2. Nf3 g6 3. c4 Bg7 4. Nc3 0-0 5. e4 d6 6. h3 b6 7. Bg5 h6 8. Bh4 Bb7 9. Bd3 Re8 10. Bc2 Nbd7 11. 0-0 e5 12. dxe5 dxe5 13. Ba4 c6 14. Qe2 Qc7 15. b4 a6 16. Bb3 b5 17. cxb5 axb5 18. Rfc1 Qb6 19. Rd1 Rad8 20. Rd6 g5 21. Nxg5 hxg5 22. Bxg5 Kf8 23. Nd5 Nxd5 24. Bxd8 Qxd8 25. exd5 cxd5 26. Qxb5 Bc8 27. Bxd5 Qe7 28. Rc6 Nf6 29. Rc5 e4 30. Rac1 Bh6 31. Rc7 Nd7 32. Rd1 e3 33. fxe3 Qxe3+ 34. Kh1 Bf4 35. Qf1 Qg3 36. Qg1 Bxc7 37. Bc6 Re2 38. Bxd7 Bb7 39. Bg4 Bxg2+ 0-1